000 00395 a2200169 4500
001 76215
020 _a9788569277033
040 _cAnchieta - Colégio São Paulo
100 _aAdúm, Mel
240 1 0 _aA lua cheia de vento
_lpor
245 1 0 _aA lua cheia de vento
300 _a28
362 0 _a2015
440 1 _aEditora Oguns Toques Negros
650 4 _aLiteratura infantil
942 _cBK
999 _c76215
_d76215